Retrouver le film #Stéphane Plagiat #2 - Statistiques

Statistiques générales
  • Ce quiz a été pris 214 fois
  • Le résultat moyen est 9 sur 12
Statistiques - réponses
Pitch de Stéphane Titre du film initial % Correct
J'ai eu l'idée d'un film d'animation, ou une princesse vivrait dans une ferme avec 7 géants. Blanche-Neige et les 7 nains
98%
Y'a un homme qui inventerait un tracteur qui permettrait de voyager dans le temps. Il serait accompagné de son amie Martine McDo. Retour vers le futur
91%
Des gens seraient à la plage et se feraient attaquer par des dauphins tueurs. Les dents de la mer
90%
C'est une ado qui se ferait mordre par une libellule et qui deviendrait une sorte de Super-Libbellule, avec des pouvoirs et tout... Spider-Man
90%
C'est une famille qui partirait en vacance, mais il oublierait leur fille à la maison. Elle devra faire fuir 3 méchants (mais stupides) cambrioleurs. Maman j'ai raté l'avion
87%
C'est l'histoire de 2 gallois, un petit gros et un grand mince, qui aiderait un ami à construire un château pour l'empereur Auguste. Astérix et Obélix : mission Cléopatre
85%
C'est un gars un peu stupide, disons Hector de Niort, qui se prend pour un pro du skateboard alors qu'en vrai, il ne sait pas du tout en faire. Brice de Nice
70%
Ça se passerait à la préhistoire. Çà raconterait comment a été inventé le premier vol de l'histoire. Tous les personnages s’appelleraient Paul. Rrrrrrr
68%
L'histoire se passerait dans un monde ou les chiens auraient pris le pouvoir et se comporterait comme des humains. La planète des singes
63%
Il y aurait une femme qui échouerait sur une ile déserte et qui se lierait d'amitié avec un ballon de Handball, qui s’appellerait William. Seul au monde
61%
Alors, il y aurait un gars qui garderait le chat d'une amie mais une nuit, celui-ci se transformerait en homme et serait très doué au Basketball. Didier
42%
Dans ce film qui fait peur, lorsque les gens écouteraient un certain CD, le téléphone sonnerait et une voix dirait qu'ils vont mourir dans 7 heures !! Le cercle
36%
Aucun quiz correspondant
Distribution des résultats
% des personnes avec chaque résultat
Percentile par nombre de réponses
Votre historique - résultats
Vous n’avez pas pris ce quiz